| 000 | 00549nam a2200229 a 4500 | ||
|---|---|---|---|
| 999 |
_c4940 _d4940 |
||
| 001 | 4940 | ||
| 003 | BD-JhCC | ||
| 005 | 20171205184550.0 | ||
| 008 | 171205s19631964p |||| || | 000 0 eng d | ||
| 035 | _a(BD-JhCC)4940 | ||
| 040 |
_aBD-JhCC _dBD-JhCC |
||
| 041 | _aeng | ||
| 082 |
_a511 _bALI 1964 |
||
| 100 | _aAli, H. | ||
| 245 |
_aPak School Arithmatic / _cH. Ali B. Sc. B. T. |
||
| 250 | _a2nd Ed. | ||
| 260 |
_aDacka : _bKohinoor Press, _c1964. |
||
| 300 |
_a132 p. : _c18 cm. |
||
| 650 | _aArithmatic | ||
| 942 |
_2ddc _cBK |
||